Statistiques concernant Personnages célèbres - Série 24

Cliquez ici pour prendre le quiz!

Statistiques générales

  • Ce quiz a été pris 191 fois
  • Le résultat moyen est 8 sur 15

Statistiques - réponses

Réponse% Correct
Jacques Chirac
98%
Didier Bourdon
81%
Pascal Legitimus
81%
Thomas Dutronc
75%
Martine Aubry
73%
Laetitia Casta
69%
Dorothée
66%
Pierce Brosnan
59%
Bertrand Delanoe
52%
Clémentine Célarié
50%
Sandra Bullock
41%
Aure Atika
33%
Jacques Delors
31%
Elizabeth Bourgine
8%
Christiaan Barnard
2%

Distribution des résultats

Percentile par nombre de réponses

% des personnes avec chaque résultat

Votre développement - résultats

Vous n’avez pas pris ce quiz